000 00524cam a22002171 4500
001 sa 66007724
003 DLC
005 20260227112307.0
008 891017s1965 ii 000 1 maro
010 _asa 66007724
035 _a(OCoLC)20501263
040 _aDLC
_cWaU
_dDLC
042 _apremarc
050 0 0 _aPK2418.M3137
_bS2
100 0 _aManamohana.
245 1 0 _aSambhavāmi yuge yuge!
260 _c[1965]
300 _a147 p.
_c18 cm.
500 _aIn Marathi.
600 0 0 _aSambhaji, Raja,
_d-1689
_vFiction.
999 _c71367
_d71367